000 01219cab a2200373 4500
001 ABS53637
008 090401t1995 xxu||||| |||| 00| 0 eng d
035 _a(Sirsi) u5512
041 _aeng
100 _aEdwards, M.
245 _aRetail uses - all change please?
260 _c1995
350 _a0
490 _aEstates Gazette
_v(9537) 16 September 1995, 171(1)
520 _aHighlights the problem of identifying the correct planning unit by referring to relevant case law concerning retail units involved in unauthorised changes of use.
650 _aBURDLE V SOS ENVIRONMENT
650 _aCHANGE OF USE
650 _aCHURCH COMMISSIONERS FOR ENGLAND V SOS ENVIRONMENT AND GATESHEAD MBC
650 _aCORRECT PLANNING UNIT
650 _aJOHNSTON V SOS ENVIRONMENT
650 _aLANDLORD AND TENANT ACT 1954 PART II
650 _aLEE-VERLHURST (INVESTMENTS) V HARWOOD TRUST
650 _aMETROCENTRE
650 _aPLANNING UNIT
650 _aRETAIL PROPERTY
650 _aRETAIL UNITS
650 _aRETAIL USE
650 _aUNAUTHORISED CHANGE OF USE
650 _aUSE CLASSES
690 _aPLANNING LAW AND PRACTICE
700 _aMartin, J.
942 _n0
948 _c04/03/1997
999 _c3286
_d3286